000 00501 a2200157 4500
005 20250605135616.0
020 _a0-324-25826-7
082 _aTEA LECT 658.041 KUR
100 _aKURATKO, D. F.
245 _aEntrepreneurship: Theory , Process and Practice
250 _a6th Ed.
260 _aFlorida,
_bThomson Learning Inc,
_c2004.
300 _axxi, 865p.; Ill.;figures & table.
_bIndex
_c27cm.
856 _yAccess Online Book
_fEntrepreneurship
_dhttp://www.thomsonrights.com
942 _2ddc
_cBKS
999 _c3235
_d3235